00996nam a2200229 a 450000100100000000500170001000800410002704000250006808200200009310000320011324500960014526000510024130000280029250000800032059000260040065000260042665000280045270000350048091000370051595201970055299900170074900004640920201002052841.0150810s2007 dr a 000 0 spa d aDO-SdBNPbspacBNPHU aCu861.44bW582d1 aWhite, Raysa,d1952-97442910aDebe ser que no supimos /cRaysa White ; ilustraciones de la coreógrafa Rosario Cardenas. aSanto Domingo :bAkerú Publicaciones,c2007. a103 p. :bil. ;c20 cm. aIncluye datos biográficos de la autora en la solapa de la contracubierta. aInventariado, 2019/LP 4aPoesía cubana95226 4aLiteratura cubana9148312aCardenas, Rosario,eil.974430 aValidado. Control de calidad MFF 0010718PDaPDbPDcHDd2015-08-10iLF1l0oCu861.44 W582dp46409-10r2020-06-25w2020-06-25yLFPDzPerteneció qa la biblioteca personal de Chiqui Vicioso / Fidelio Despradel.ZNo se presta c45898d45898